West Asian Cities over 1 Million Population - Statistics

General Stats
  • This quiz has been taken 1,636 times
    98 since last reset
  • The average score is 40 of 55
Answers on the Map
Answers color-coded by a green-red scale on the quiz's map according to % correct below.
 
Answer Stats
Pop. (K) City % Correct
14,749 Istanbul
100%
7,160 Baghdad
99%
5,097 Dubai
99%
8,589 Riyadh
99%
14,137 Tehran
99%
1,371 Abu Dhabi
98%
1,946 Jerusalem
98%
5,203 Rawalpindi-Islamabad
98%
5,638 Ankara
95%
3,813 Sana'a
95%
3,147 Tel Aviv
95%
1,919 Beirut
94%
3,406 Damascus
94%
6,009 Kabul
94%
4,055 Kuwait
94%
6,694 Amman
93%
2,141 Doha
93%
21,258 Karachi
93%
1,436 Muscat
93%
2,342 Mecca
92%
5,482 Jeddah
90%
14,256 Lahore
90%
1,398 Manama
90%
1,686 Medina
90%
3,151 Aleppo
89%
2,567 Izmir
89%
1,136 Antalya
86%
1,962 Gaza
86%
2,546 Isfahan
81%
2,412 Bursa
79%
1,173 Aden
77%
1,730 Mosul
77%
3,102 Dammam
76%
1,672 Basra
75%
5,321 Mashhad
75%
1,527 Tabriz
71%
5,650 Faisalabad
68%
1,790 Gaziantep
65%
2,941 Hyderabad
58%
1,373 Herat
54%
1,124 Kirkuk
54%
2,741 Peshawar
54%
1,015 Quetta
54%
1,066 Konya
50%
1,566 Ahvaz
44%
3,391 Gujranwala
44%
2,887 Multan
40%
1,014 Kayseri
39%
1,034 Irbid
36%
1,227 Najaf
32%
1,060 Al Ain
30%
1,353 Ta'izz
21%
1,507 Sialkot
20%
1,104 Sargodha
18%
1,045 Sheikhupura
11%
No matching quizzes found
Score Distribution
Percent of People with Each Score
Percentile by Number Answered
Your Score History
You have not taken this quiz since the last reset